Thália stavila na melódie a humor tridsiatych rokov

Bibliographic Details
Main Author: Juhásová, Jana (Author)
Corporate Author: Divadlo Thália (Košice, Slovensko) (Author)
Format: Article
Language:Slovak
PhysicalDescription:1 foto
ISSN:1335-4566
Subjects:

MARC

LEADER 00000nab a2200000 a 4500
001 vtls000906511
003 SK-MaSNL
005 20260303212312.0
008 040720e20010307xo 0 slo
035 |a KE15454 
040 |a KEVKJB  |b slo  |c KEVKJB  |e AACR2 
041 0 |a slo 
044 |a xo  |c SK 
080 |a 792(=945.11)  |2 1981 
100 1 |a Juhásová, Jana  |4 aut  |9 331079 
245 1 0 |a Thália stavila na melódie a humor tridsiatych rokov 
300 |b 1 foto 
610 2 7 |a Divadlo Thália (Košice, Slovensko)  |2 KEVKJB  |9 31809 
650 0 7 |a divadlo  |2 KEVKJB  |9 3335 
650 0 7 |a Ja a môj braček (hudobná komédia)  |2 KEVKJB  |9 1244875 
650 0 7 |a divadelná komédia  |2 KEVKJB  |9 222612 
650 0 7 |a premiéry  |2 KEVKJB  |9 878015 
651 7 |a Košice (Slovensko)  |2 KEVKJB  |9 18694 
651 7 |a KE,  |2 KEVKJB  |9 877256 
655 7 |a periodikum  |2 KEVKJB  |9 29553 
710 2 |a Divadlo Thália (Košice, Slovensko)  |4 aut  |9 31809 
773 0 8 |t Košický denník Korzár  |g Roč. 4, č.55, 7.3.2001, s. 3  |x 1335-4566 
852 |a ZVYKNI  |b KIS3GCP 
999 |c 2206621  |d 2208551